Normal view
MARC view
Entry Topical Term
001 - CONTROL NUMBER
- control field: 772407
003 - CONTROL NUMBER IDENTIFIER
- control field:
005 - DATE AND TIME OF LATEST TRANSACTION
- control field: 20210627053436.0
008 - FIXED-LENGTH DATA ELEMENTS
- fixed length control field: 210627|| aca||aabn | a|a d
040 ## - CATALOGING SOURCE
- Original cataloging agency:
- Transcribing agency:
150 ## - HEADING--TOPICAL TERM
- Topical term or geographic name entry element: Galena
- Geographic subdivision: Utah
670 ## - SOURCE DATA FOUND
- Source citation: Work cat.: ()653239: Radtke, Arthur S., 1936- 772406, Micromineralogy of galena ores, Burgin mine, East Tintic district, Utah /, 1969
